Orbitor. Aripa stanga (Înregistrare nr. 10)

Detalii MARC
000 -LEADER
fixed length control field 00357nam a2200157 a 4500
005 - DATE AND TIME OF LATEST TRANSACTION
control field 20260702181355.0
020 ## - INTERNATIONAL STANDARD BOOK NUMBER
International Standard Book Number 9786063401120
041 0# - LANGUAGE CODE
Language code of text/sound track or separate title ron
100 1# - MAIN ENTRY--PERSONAL NAME
Personal name Cartarescu, Mircea
245 10 - TITLE STATEMENT
Title Orbitor. Aripa stanga
260 ## - PUBLICATION, DISTRIBUTION, ETC.
Place of publication, distribution, etc. Bucuresti
Name of publisher, distributor, etc. Humanitas
Date of publication, distribution, etc. 2016
300 ## - PHYSICAL DESCRIPTION
Extent 586 p.
650 #0 - SUBJECT ADDED ENTRY--TOPICAL TERM
Topical term or geographic name entry element Roman romanesc
650 #0 - SUBJECT ADDED ENTRY--TOPICAL TERM
Topical term or geographic name entry element Literatura contemporana
942 ## - ADDED ENTRY ELEMENTS (KOHA)
Koha item type Carte
Exemplare
Withdrawn status Lost status Damaged status Not for loan Home library Current library Date acquired Total checkouts Barcode Date last seen Price effective from Koha item type
        Biblioteca Comunală Remetea Biblioteca Comunală Remetea 07/02/2026   ARTABHR0410 07/02/2026 07/02/2026 Carte
        Biblioteca Județeană Kájoni János Biblioteca Județeană Kájoni János 07/02/2026   ARTABJHR10 07/02/2026 07/02/2026 Carte